| 000 | 01011nam a2200253 i 4500 | ||
|---|---|---|---|
| 001 | 112925 | ||
| 003 | ES-MaACL | ||
| 005 | 20251004063143.0 | ||
| 007 | t| | ||
| 008 | 061121s1986 sp a c |||| |dspa d | ||
| 020 | _a84-505-2936-0 | ||
| 080 | _a7 Hernández, José:061.43(464.1M.)"1985" | ||
| 100 | 1 |
_aHernández, José, _d1944-2013 _9159668 |
|
| 245 | 1 | 0 |
_aJosé Hernández _b: [catálogo de la exposición itinerante] Museo de Bellas Artes de Asturias, Oviedo [etc.], Febr-Dic, 1986 / _cJosé Hernández. |
| 260 |
_aMadrid : _bMinisterio de Cultura, Dirección General de Bellas Artes Y Archivos, _c1986. |
||
| 300 |
_a143 p. : _bil. ; _c28 cm. |
||
| 600 | 1 | 7 |
_aHernández, José, _d1944-2013- _vExposiciones _2 _9159664 |
| 655 | 7 |
_2tgfbne _9193628 _aCatálogos de exposiciones |
|
| 710 | 2 |
_aMuseo de Bellas Artes de Asturias. _95843 |
|
| 710 | 1 |
_aEspaña. _bDirección General de Bellas Artes y Archivos. _93708 |
|
| 852 |
_aES-MaACL _jL-11371 |
||
| 942 | _2udc | ||
| 999 |
_c112925 _d112925 |
||